| 000 | 00807nam a2200265Ia 4500 | ||
|---|---|---|---|
| 003 | OSt | ||
| 005 | 20220928121910.0 | ||
| 006 | a|||||r|||| 00| 0 | ||
| 007 | ta | ||
| 008 | 220927b |||||||| |||| 00| 0 eng d | ||
| 020 | _c9789.5519999999997 | ||
| 024 | _a99727 | ||
| 037 |
_b33, 28/09/2009, Better Book Service _cTextual |
||
| 040 |
_aSDCL _cSDCL _beng |
||
| 041 |
_2eng _aeng |
||
| 082 | _aO-,3M40:g, P9 | ||
| 100 |
_aWilson Keith Ed. _9408508 |
||
| 245 | 0 | _aCompanion to Thomas Hardy. | |
| 260 |
_aChichester _bWiley-Blackwell _c2009 |
||
| 300 |
_axiii,488p. _ccm. |
||
| 490 | _aBlackwell Companions to Literature and Culture | ||
| 650 | _aEnglish | ||
| 942 |
_hO-,3M40:g, P9 _cTEXL _2CC |
||
| 999 |
_c768460 _d768460 |
||